Eurokód 2. Navrhování betonových konstrukcí. Část 1 : Obecná pravidla a pravidla pro pozemní stavby. Konečné znění schválené komisí CEN/TC 250 v prosinci 1991
Salvato in:
| Natura: | Libro |
|---|---|
| Lingua: | ceco |
| Pubblicazione: |
Praha :
PROCON,
1992
|
| Edizione: | 2.upr.vyd. |
| Soggetti: | |
| Tags: |
Nessun Tag, puoi essere il primo ad aggiungerne!!
|
MARC
| LEADER | 00000nam a22000003a 4500 | ||
|---|---|---|---|
| 001 | stu39730 | ||
| 005 | 20150408180720.7 | ||
| 008 | 930224s1992----cs------------------cze-d | ||
| 040 | |a STU |b slo | ||
| 041 | 0 | |a cze | |
| 044 | |a cs | ||
| 080 | |a 624.012.4(083.133) | ||
| 245 | |a Eurokód 2. Navrhování betonových konstrukcí. Část 1 : |b Obecná pravidla a pravidla pro pozemní stavby. Konečné znění schválené komisí CEN/TC 250 v prosinci 1991 | ||
| 250 | |a 2.upr.vyd. | ||
| 260 | |a Praha : |b PROCON, |c 1992 | ||
| 300 | |a 313 s | ||
| 650 | 7 | |a konštrukcie betónové |2 stusub | |
| 650 | 7 | |a pravidlá |2 stusub | |
| 650 | 7 | |a stavby pozemné |2 stusub | |
| 996 | |b 284M020883 |c M*8250/1-1 |l MMKN |s A |a 24 |w stu39730_0001 | ||